Star Wars: First Characters to Appear per Movie - Statistics

General Stats
  • This quiz has been taken 906 times
    840 since last reset
  • The average score is 21 of 27
Answer Stats
% Correct
Star Wars Episode IV - A New Hope Darth Vader
99%
Star Wars Episode VI - Return of the Jedi Darth Vader
99%
Star Wars Episode III - Revenge of the Sith Anakin Skywalker
98%
Star Wars Episode I - The Phantom Menace Obi-Wan Kenobi
98%
Star Wars Episode III - Revenge of the Sith Obi-Wan Kenobi
98%
Star Wars Episode I - The Phantom Menace Qui-Gon Jinn
96%
Star Wars Episode V - Empire Strikes Back Luke Skywalker
95%
Star Wars Episode V - Empire Strikes Back Han Solo
89%
Star Wars Episode II - Attack of the Clones Padmé Amidala
89%
Star Wars Episode VI - Return of the Jedi C-3PO
87%
Star Wars Episode II - Attack of the Clones R2-D2
87%
Star Wars Episode III - Revenge of the Sith R2-D2
87%
Star Wars Episode IV - A New Hope R2-D2
87%
Star Wars Episode VI - Return of the Jedi R2-D2
87%
Star Wars Episode VII - The Force Awakens Finn
81%
Star Wars Episode IV - A New Hope C-3PO
80%
Star Wars Episode IX - The Rise of Skywalker Kylo Ren
80%
Star Wars Episode VII - The Force Awakens Poe Dameron
79%
Star Wars Episode VIII - The Last Jedi Poe Dameron
78%
Star Wars Episode IX - The Rise of Skywalker Darth Sidious
70%
Star Wars Episode V - Empire Strikes Back Chewbacca
66%
Star Wars Episode IX - The Rise of Skywalker Chewbacca
66%
Star Wars Episode VII - The Force Awakens BB-8
57%
Star Wars Episode VIII - The Last Jedi BB-8
57%
Star Wars Episode I - The Phantom Menace Nute Gunray
54%
Star Wars Episode VIII - The Last Jedi Armitage Hux
35%
Star Wars Episode II - Attack of the Clones Cordé
13%
No matching quizzes found
Score Distribution
Percent of People with Each Score
Percentile by Number Answered
Your Score History
You have not taken this quiz since the last reset